000 00319nam a2200133Ia 4500
005 20251222155059.0
008 251222s9999||||xx |||||||||||||| ||spa||
082 _aSOC.43
100 _aMUÑOZ CABREJO,Fanni.
245 0 _aDiversiones públicas en Lima 1890-1920
250 _a1ra. ed.
264 _bIEP
942 _cLIB
999 _c37595
_d37595